Mirar de lejos: descripciones

Збережено в:
Бібліографічні деталі
Автор: Accatino, Sandra (Автор)
Формат: Книга
Мова:Іспанська
Опубліковано: Santiago Ediciones Universidad Alberto Hurtado 2019
Редагування:1a. ed
Серія:Colección Arte
Предмети:
Теги: Додати тег
Немає тегів, Будьте першим, хто поставить тег для цього запису!

MARC

LEADER 00000cam a2200000 a 4500
001 UCB0194
003 CL-VaPUC
005 20220114074111.0
008 191220e20190000cl spa d
999 |c 375902  |d 375900 
020 |a 9789563572131 
040 |c Pontificia Universidad Católica de Valparaíso 
082 0 4 |a 701.15 ACC 2019  |2 21 
100 1 |a Accatino, Sandra  |e author  |9 604848 
245 1 0 |a Mirar de lejos: descripciones 
250 |a 1a. ed 
260 |a Santiago  |b Ediciones Universidad Alberto Hurtado  |c 2019 
300 |a 307 p 
490 0 |a Colección Arte 
583 |a last modification  |c 20191220 13:26:00  |k cmena 
650 0 7 |a PERCEPCION DE CUADROS  |2 CL-VaPUC  |9 267853 
650 0 0 |a Percepción visual  |9 267039 
650 0 0 |a Psicología del arte  |9 265264 
942 |c BK  |2 ddc 
945 |a dcastane  |d 20191220 13:26:00 
952 |0 0  |1 0  |2 ddc  |4 0  |6 701_150000000000000_ACC_2019  |7 0  |9 495010  |a BIBART  |b BIBART  |d 2019-12-13  |e 4  |g 9030.00  |i 5568099  |o 701.15 ACC 2019  |p 5568099  |r 2025-03-13  |t 1  |v 9030.00  |w 2019-12-13  |y BK